World of Warcraft - les sorts du mage - Statistiques

Statistiques générales
  • Ce quiz a été pris 22 fois
    21 depuis la dernière actualisation
  • Le résultat moyen est 19 sur 64
Statistiques - réponses
Indice Réponse % Correct
Sort de base Feu Boule de feu
100%
Sort de base Éclair de givre
83%
Sort de base Trait de feu
78%
Arbre de talent de classe Bloc de glace
72%
Arbre de talent Feu Explosion pyrotechnique
72%
Sort de base Explosion des Arcanes
67%
Sort de base Nova de givre
67%
Sort de base Métamorphose
61%
Sort de base Givre Blizzard
56%
Arbre de talent Feu Brûlure
56%
Arbre de talent Arcanes Projectiles des arcanes
56%
Sort de base* Téléportation
56%
Arbre de talent Feu Combustion
50%
Arbre de talent Givre Javelot de glace
50%
Sort de base* Portail
50%
Sort de base Feu Choc de flammes
44%
Sort de base Invisibilité
44%
Sort de base Transfert
44%
Sort de base Cône de froid
39%
Sort de base Arcanes Déflagration des Arcanes
39%
Talent héroïque Givrefeu Éclair de givrefeu
39%
Arbre de talent de classe Souffle du dragon
39%
Arbre de talent de classe Barrière de glace
33%
Arbre de talent Arcanes Évocation
33%
Sort de base Intelligence des Arcanes
33%
Arbre de talent Givre Veines glaciales
33%
Arbre de talent de classe Vol de sort
33%
Arbre de talent de classe Anneau de givre
28%
Sort de base Arcanes Barrage des Arcanes
28%
Sort de base Contresort
28%
Sort de base Distorsion temporelle
28%
Arbre de talent de classe Image miroir
28%
Arbre de talent Feu Météore
28%
Arbre de talent de classe Chatoiement
22%
Arbre de talent Givre Orbe gelé
22%
Arbre de talent de classe Barrière prismatique
17%
Sort de base Chute lente
17%
Arbre de talent de classe Invisibilité de masse
17%
Sort de base Invocation de rafraîchissements
17%
Arbre de talent de classe Lenteur
17%
Arbre de talent de classe Nova de glace
17%
Arbre de talent de classe Altérer le temps
11%
Arbre de talent de classe Barrière de masse
11%
Arbre de talent de classe Barrière flamboyante
11%
Arbre de talent de classe Délivrance de la malédiction
11%
Arbre de talent Arcanes Éruption d'arcanes
11%
Sort de base Orbe arcanique
11%
Arbre de talent Givre Pointe glaciaire
11%
Arbre de talent Givre Rafale
11%
Arbre de talent Givre Rayon de givre
11%
Arbre de talent de classe Supernova
11%
Arbre de talent Givre Tempête de comètes
11%
Arbre de talent Arcanes Toucher des magi
11%
Sort de base Givre Frimaire
6%
Sort de base Illusion
6%
Arbre de talent de classe Invisibilité supérieure
6%
Arbre de talent de classe Métamorphose de masse
6%
Arbre de talent de classe Déplacement
0%
Arbre de talent Feu Flammes de phénix
0%
Arbre de talent de classe Iceberg
0%
Arbre de talent Arcanes Présence spirituelle
0%
Arbre de talent de classe Puissance fluctuante
0%
Talent héroïque Solfurie Rupture de gravité
0%
Arbre de talent de classe Vague explosive
0%
Aucun quiz correspondant
Distribution des résultats
% des personnes avec chaque résultat
Percentile par nombre de réponses
Votre historique - résultats
Vous n’avez pas pris ce quiz depuis la dernière actualisation